000 00599cam a22002053a 4500
001 39675
003 PGUSA
005 20140828083900.0
008 120512s2012||||xxu|||||s|||||000 | eng d
040 _aPGUSA
_beng
042 _adc
100 1 _aSchool, A Sexton of the Old
245 1 0 _aDealings With The Dead :
_bVolume II
_h[electronic resource] /
_cA Sexton of the Old School
260 _bProject Gutenberg,
_c2012
506 _aPublic domain in the USA.
516 _aElectronic text
830 0 _aProject Gutenberg
_v39675
856 4 0 _uhttp://www.gutenberg.org/ebooks/39675
942 _cEB
999 _c268928
_d268928